Majjhimapannasa pali / (Record no. 2891)

MARC details
000 -LEADER
fixed length control field 00402nam a2200157 4500
001 - CONTROL NUMBER
control field 3554
005 - DATE AND TIME OF LATEST TRANSACTION
control field 20181127171449.0
010 00 - LIBRARY OF CONGRESS CONTROL NUMBER
LC control number
020 00 - INTERNATIONAL STANDARD BOOK NUMBER
International Standard Book Number
090 00 - LOCALLY ASSIGNED LC-TYPE CALL NUMBER (OCLC); LOCAL CALL NUMBER (RLIN)
Classification number (OCLC) (R) ; Classification number, CALL (RLIN) (NR) 244.2 F254m 2008
245 00 - TITLE STATEMENT
Title Majjhimapannasa pali /
Remainder of title
Statement of responsibility, etc. Translated by U Htin Fatt.
Medium
260 00 - PUBLICATION, DISTRIBUTION, ETC.
Place of publication, distribution, etc. Yangon, Burma :
Name of publisher, distributor, etc. Buddha Education Foundation,
Date of publication, distribution, etc. 2008.
300 00 - PHYSICAL DESCRIPTION
Extent xix, 629 p. ; 24 cm.
500 00 - GENERAL NOTE
General note
650 00 - SUBJECT ADDED ENTRY--TOPICAL TERM
Topical term or geographic name entry element Buddhism --Doctrines.
General subdivision
Holdings
Withdrawn status Lost status Source of classification or shelving scheme Damaged status Not for loan Collection code Home library Current library Shelving location Serial Enumeration / chronology Inventory number Total Checkouts Full call number Barcode Date last seen Price effective from Koha item type
    Dewey Decimal Classification     Main TEST RTC Library RTC Library Main opac 6081   244.2 FAT 30000410 27/11/2018 27/11/2018 Main
Royal Thimphu College || All Right Reserved